000 00400nam a22001577a 4500
005 20250721095527.0
008 250721b |||||||| |||| 00| 0 eng d
020 _a978-1-78810-452-4
050 _aHQ 1121 .L49 2018
100 _a LEWIS, CARRIE
245 _a WOMEN WHO CHANGED THE WORLD
260 _b IGLOO BOOKS LTD
300 _a174P.:ILL
650 _aWOMEN--HISTORY
942 _2lcc
_cBK
999 _c215943
_d215943